Statistics for NBA Players from Wichita State

Click here to take the quiz!

General Stats

  • This quiz has been taken 12 times
    (4 since last reset)
  • The average score is 6 of 18

Answer Stats

PositionPlayerDraft Year% Correct
PGLandry Shamet2018
100%
GFred VanVleet2016
100%
GRon Baker2016
100%
FCleanthony Early2014
75%
PFAntoine Carr1983
75%
GToure' Murry2012
50%
PFXavier McDaniel1985
50%
PGGal Mekel2009
25%
FCliff Levingston1982
25%
SFDave Stallworth1965
25%
FCGene Wiley1962
0%
GFMaurice Evans2001
0%
GGaylon Nickerson1994
0%
FCOzell Jones1984
0%
SFCheese Johnson1979
0%
SGBobby Wilson1974
0%
CNate Bowman1965
0%
CGreg Dreiling1986
0%

Score Distribution

Percentile by Number Answered

Percent of People with Each Score

Your Score History

You have not taken this quiz since the last reset